000 00587cam a22002053a 4500
001 38314
003 PGUSA
005 20140828083838.0
008 111215s2011||||xxu|||||s|||||000 | eng d
040 _aPGUSA
_beng
042 _adc
100 1 _aDouglas, Alan
245 1 0 _aStorm-Bound ;
_bor, A Vacation Among the Snow Drifts
_h[electronic resource] /
_cAlan Douglas
260 _bProject Gutenberg,
_c2011
506 _aPublic domain in the USA.
516 _aElectronic text
830 0 _aProject Gutenberg
_v38314
856 4 0 _uhttp://www.gutenberg.org/ebooks/38314
942 _cEB
999 _c267568
_d267568